|
|
|
|
| LEADER |
00000nam0a2200000 4500 |
| 001 |
145118 |
| 005 |
20231101221134.0 |
| 010 |
|
|
|a 9785915590099
|b 3000 экз.
|
| 021 |
|
|
|a RU
|b 08-66698
|9 08-3808
|
| 035 |
|
|
|a (RuTPU)RU\TPU\book\157278
|
| 090 |
|
|
|a 145118
|
| 100 |
|
|
|a 20080929d2008 m y0rusy5002 ca
|
| 101 |
0 |
|
|a rus
|
| 102 |
|
|
|a RU
|
| 105 |
|
|
|a a j 000zy
|
| 200 |
1 |
|
|a Лекции по теории вероятностей
|f Ю. А. Розанов
|
| 205 |
|
|
|a 3-е изд.
|
| 210 |
|
|
|a Долгопрудный
|c Интеллект
|d 2008
|
| 215 |
|
|
|a 134 с.
|c ил.
|
| 225 |
1 |
|
|a Физтеховский учебник
|
| 330 |
|
|
|a Книга содержит основы теории вероятностей — математической науки, изучающей общие закономерности случайных явлений и процессов. Эти закономерности играют исключительно важную роль в современной физике и других областях естествознания, технике, экономике и т. д. Изложение носит четкий, наглядный характер: абстрактные идеи и методы иллюстрируются большим числом примеров. Такой подход позволяет читателю развить своеобразную теоретико-вероятностную интуицию. Для студентов естественно-научных факультетов и технических университетов.
|
| 606 |
1 |
|
|a Вероятностей теория
|2 stltpush
|3 (RuTPU)RU\TPU\subj\2254
|9 30841
|
| 610 |
1 |
|
|a лекции
|
| 610 |
1 |
|
|a учебные пособия
|
| 610 |
1 |
|
|a комбинаторные формулы
|
| 610 |
1 |
|
|a формула Стирлинга
|
| 610 |
1 |
|
|a события
|
| 610 |
1 |
|
|a закон сложения вероятностей
|
| 610 |
1 |
|
|a вероятности
|
| 610 |
1 |
|
|a случайные величины
|
| 610 |
1 |
|
|a математические ожидания
|
| 610 |
1 |
|
|a среднеквадратические значения
|
| 610 |
1 |
|
|a неравенство Чебышева
|
| 610 |
1 |
|
|a дисперсия
|
| 610 |
1 |
|
|a закон больших чисел
|
| 610 |
1 |
|
|a распределения
|
| 610 |
1 |
|
|a предельные теоремы
|
| 610 |
1 |
|
|a цепи Маркова
|
| 610 |
1 |
|
|a марковские процессы
|
| 610 |
1 |
|
|a ветвящиеся процессы
|
| 610 |
1 |
|
|a математика
|
| 675 |
|
|
|a 519.21(075.8)
|v 3
|
| 700 |
|
1 |
|a Розанов
|b Ю. А.
|g Юрий Анатольевич
|
| 801 |
|
1 |
|a RU
|b 63413507
|c 20081013
|g PSBO
|
| 801 |
|
2 |
|a RU
|b 63413507
|c 20150508
|g PSBO
|
| 900 |
|
|
|a Теория вероятностей и математическая статистика
|
| 942 |
|
|
|c BK
|
| 959 |
|
|
|a 90/20081013
|d 2
|e 154,00
|f АНЛ:1
|f ЧЗТЛ:1
|